000 00388nam a2200157Ia 4500
005 20240807062307.0
008 240806s9999||||xx |||||||||||||| ||eng||
041 _aeng
082 _a891.433
_bSONM
100 _aRamdev Prasad Soni
245 0 _aMarooti mahima /
_cRamdev Prasad Soni
260 _bAaditya Prakashan Allahabad
300 _a0
650 _aGeneral Studies
942 _cBK
999 _c14495
_d14495